Kraje Komunistyczne - Statystyki

Ogólne statystyki
  • Ten quiz został rozwiązany 152 razy
  • Średni wynik to 5 z 7
Statystyki odpowiedzi
Kraj % Poprawnych
Korea Północna
96%
Chiny
95%
Kuba
82%
Wietnam
78%
Laos
64%
Nepal
26%
Mozambik
21%
Nie znaleziono quizów pasujących do podanych kryteriów
Rozkład punktacji
Procent ludzi z każdym wynikiem
Percentyl według liczby udzielonych odpowiedzi
Twoja historia wyników
Nie rozwiązałeś tego quizu